000 00475nam a2200169Ia 4500
999 _c35373
_d35373
003 OSt
005 20201216112746.0
008 190216s9999||||xx |||||||||||||| ||und||
040 _coclc
082 _a523.1
_bKUS/T
100 _aKusaka, Jitsuo
_97575
245 4 _aThe Universe And Weather /
_cJitsuo Kusaka
260 _bTime Life Books,
_c1975.
_aNew York:
300 _a112p
650 _aUniverse
942 _cREF
_2ddc
_h523.1
_iKUS/T
_k523.1
_mKUS/T